Against the state : an introduction to anarchist political theory /

Bibliographic Details
Main Author: Sartwell, Crispin, 1958-
Format: Book
Language:English
Published: Albany : State University of New York Press, [2008]
Subjects:

MARC

Tag First Indicator Second Indicator Subfields
LEADER 00000cam a2200000 a 4500
001 in00002399513
005 20151109073604.0
008 070814s2008 nyu b s001 0 eng
010 |a  2007033815 
015 |a GBA855038  |2 bnb 
016 7 |a 014584613  |2 Uk 
020 |a 9780791474488 (pbk. : alk. paper) 
020 |a 0791474488 (pbk. : alk. paper) 
020 |a 9780791474471 (hardcover : alk. paper) 
020 |a 079147447X (hardcover : alk. paper) 
029 1 |a AU@  |b 000042110669 
035 |a (OCoLC)ocn165478804 
035 |a (OCoLC)165478804 
040 |a DLC  |c DLC  |d BAKER  |d YDXCP  |d UKM  |d OCLCG  |d C#P  |d BWX  |d UtOrBLW 
049 |a TXAM 
050 0 0 |a HX833  |b .S27 2008 
082 0 0 |a 320.5/7  |2 22 
100 1 |a Sartwell, Crispin,  |d 1958- 
245 1 0 |a Against the state :  |b an introduction to anarchist political theory /  |c Crispin Sartwell. 
264 1 |a Albany :  |b State University of New York Press,  |c [2008] 
264 4 |c ©2008 
300 |a xi, 124 pages ;  |c 23 cm. 
336 |a text  |b txt  |2 rdacontent 
337 |a unmediated  |b n  |2 rdamedia 
338 |a volume  |b nc  |2 rdacarrier 
504 |a Includes bibliographical references (pages 117-120) and index. 
505 0 |a Some definitions -- Social contract -- Utilitarian justifications of state power -- Justicial justifications of state power -- Silhouette of an anarchism. 
650 0 |a Anarchism. 
938 |a Baker & Taylor  |b BKTY  |c 49.50  |d 49.50  |i 079147447X  |n 0007520218  |s active 
938 |a Baker & Taylor  |b BKTY  |c 14.95  |d 14.95  |i 0791474488  |n 0007520299  |s active 
938 |a YBP Library Services  |b YANK  |n 2748389 
938 |a Blackwell Book Service  |b BBUS  |n R7716639  |c $14.95 
945 |a PromptCat  |b 447547 
946 |a stk 
947 |a A14836813331 
994 |a 92  |b TXA 
948 |a cataloged  |b h  |c 2008/7/3  |d c  |e asalazar  |f 1:10:57 pm 
999 |a MARS 
999 f f |s fed99499-3d5e-34b2-827a-6bf4530103e4  |i 066c19ef-6f2e-32be-9dc0-0e5121b4daeb  |t 0 
952 f f |p normal  |a Texas A&M University  |b College Station  |c Sterling C. Evans Library  |d Evans: Library Stacks  |t 0  |e HX833 .S27 2008  |h Library of Congress classification  |i unmediated -- volume  |m A14836813331 
998 f f |a HX833 .S27 2008  |t 0  |l Evans: Library Stacks